| 000 | 00910cab a2200241 4500 | ||
|---|---|---|---|
| 001 | ABS48297 | ||
| 008 | 090401t1993 xxu||||| |||| 00| 0 eng d | ||
| 035 | _a(Sirsi) u66016 | ||
| 041 | _aeng | ||
| 100 | _aPunter, J. | ||
| 245 | _aSearch starts for best practice design policy | ||
| 260 | _c1993 | ||
| 350 | _a0 | ||
| 490 |
_aPlanning (for the Natural and Built Environment) _v(1010) 19 March 1993. 10(1) |
||
| 520 | _aThe DoE has commissioned a team of researchers at Reading University to review local plan policies on design and to produce a guide to good practice. This article sets out the projects brief, the approach to be adopted and the key research questions and procedures. | ||
| 650 | _aGOOD PRACTICE | ||
| 650 | _aLOCAL DEVELOPMENT PLANS | ||
| 650 | _aPLANNING POLICY GUIDANCE NOTE 1 | ||
| 650 | _aPPG1 | ||
| 690 | _aPLANNING LAW AND PRACTICE | ||
| 942 | _n0 | ||
| 948 | _c04/03/1997 | ||
| 999 |
_c41252 _d41252 |
||